| 000 | 00911nam a2200241 a 4500 | ||
|---|---|---|---|
| 001 | 72061 | ||
| 003 | BD-RjUL | ||
| 005 | 20211209082215.0 | ||
| 008 | 170513s1993 bg a|||| |||| 00| 0 ben d | ||
| 035 | _a(BD-RjUL)72277 | ||
| 040 |
_aBD-RjUL _beng _cBD-RjUL |
||
| 041 | _aeng | ||
| 082 |
_223 _a591 _bBES 1993 |
||
| 100 |
_aবেগম, হাবিবা _9213127 |
||
| 245 |
_aস্নাতক প্রাণিবিদ্যা / _cপ্রশ্নোত্তরে হাবিবা বেগম |
||
| 250 | _aনূতন সং. | ||
| 260 |
_aবগুড়া : _bঝরণা প্রকাশনী, _c১৯৯৩. |
||
| 300 |
_aখণ্ড : _bচিত্র ; _c২০ সেমি. |
||
| 505 | 0 | _a খণ্ড ৩: সাধারণ প্রাণিবিদ্যা -- | |
| 650 |
_aপ্রাণিবিদ্যা _9213128 |
||
| 650 |
_aZoology _9213129 |
||
| 942 |
_2ddc _cBK |
||
| 999 |
_c72061 _d72061 |
||